Una temporada en el infierno, iluminaciones

Enregistré dans:
Détails bibliographiques
Auteur principal: Rimbaud, Jean Nicolas Arthur (Auteur)
Format: Livre
Langue:espagnol
Publié: Madrid Mondadori 1991
Sujets:
Tags: Ajouter un tag
Pas de tags, Soyez le premier à ajouter un tag!

MARC

LEADER 00000nam a2200000 a 4500
001 UCY0414
003 CL-VaPUC
008 940801e19910000SP |||||||||||||||||spa|d
082 0 4 |a 841  |b RIM  |2 21 
100 0 |a Rimbaud, Jean Nicolas Arthur  |e author  |9 269466 
245 1 4 |a Una temporada en el infierno, iluminaciones 
300 |a 105 p 
942 |c BK 
945 |d 19940801 00:00:00  |a oaravena 
260 |a Madrid  |b Mondadori  |c 1991 
650 0 |a Poesías francesas  |9 265467 
583 |a last modification  |c 19940801 00:00:00  |k Rodrigo Vera 
999 |c 229415  |d 229413